000 00319nam a22001217a 4500
008 160518b xxu||||| |||| 00| 0 eng d
020 _a9781933107844
020 _a9781933107844
041 _aeng
080 _a618.2
245 _aRN pharmacology for nursing edition 5.0:
_cAudrey Knippa MS MPH RN CEE:
942 _2udc
_cBK
999 _c2152
_d2152